00000000cas 2200000zi 4500
0019.963312
003CaOODSP
00520260604111555
006m     o  d f      
007cr cn ||||||||
008260604d19941996oncqx p o s  f0    0eng|d
040 |aCaOODSP|beng|erda|cCaOODSP
043 |an-cn---
0861 |aIu28-3/1E-PDF
24500|aQuarterly report on small- and medium-sized enterprises.
264 1|a[Ottawa] : |bEntrepreneurship and Small Business Office, Industry Canada, |c[1994-1996]
310 |aQuarterly
336 |atext|btxt|2rdacontent
337 |acomputer|bc|2rdamedia
338 |aonline resource|bcr|2rdacarrier
3621 |aBegan with: September 1994; ceased with: March 1996.
500 |aDigitized publication from print [produced by Innovation, Science and Economic Development Canada].
588 |aDescription based on: September 1994; title from PDF cover page.
588 |aLatest issue consulted: March 1996.
650 0|aSmall business|zCanada|vPeriodicals.
650 0|aSmall business|zCanada|vStatistics|vPeriodicals.
650 0|aBusiness enterprises|zCanada|vPeriodicals.
650 0|aBusiness enterprises|zCanada|vStatistics|vPeriodicals.
650 0|aEntrepreneurship|zCanada|vPeriodicals.
650 0|aEntrepreneurship|zCanada|vStatistics|vPeriodicals.
655 7|aPeriodicals|2lcgft
655 7|aStatistics|2lcgft
7101 |aCanada. |bIndustry Canada, |eissuing body.
7101 |aCanada. |bEntrepreneurship and Small Business Office, |eissuing body.
78500|tSmall business quarterly.|w(CaOODSP)9.505002